| Tag |
First Indicator |
Second Indicator |
Subfields |
| LEADER |
00000cam a2200000 4500 |
| 001 |
in00000051483 |
| 005 |
20151007071954.0 |
| 008 |
800604s1949 fr a b 00000 fre c |
| 010 |
|
|
|a a 50003313
|
| 035 |
|
|
|a (OCoLC)06388236
|
| 035 |
|
|
|9 AAE6987AM
|
| 040 |
|
|
|a Yale Univ. Library
|c TXA
|d UtOrBLW
|
| 049 |
|
|
|a TXAM
|c [368148]
|
| 090 |
|
|
|a QH324
|b .V28 1949
|
| 092 |
|
|
|a 574.192
|b V118t, 1949
|
| 100 |
1 |
|
|a Vacher, Michel.
|
| 245 |
1 |
0 |
|a Techniques physiques de microanalyse biochimique.
|
| 264 |
|
1 |
|a Paris :
|b Centre national de la recherche scientifique,
|c 1949.
|
| 300 |
|
|
|a 215 pages :
|b illustrations, diagrams ;
|c 24 cm.
|
| 336 |
|
|
|a text
|b txt
|2 rdacontent
|
| 337 |
|
|
|a unmediated
|b n
|2 rdamedia
|
| 338 |
|
|
|a volume
|b nc
|2 rdacarrier
|
| 500 |
|
|
|a Errata inserted.
|
| 504 |
|
|
|a "Bibliographie": page 215.
|
| 650 |
|
0 |
|a Biochemistry.
|
| 650 |
|
0 |
|a Microchemistry.
|
| 949 |
|
|
|a updated
|b h
|c 2006/2/14
|e fpiscitelli
|f 2:38:22 pm
|
| 999 |
|
|
|a MARS
|
| 999 |
f |
f |
|s ff145fa2-4096-301e-8563-b2b90889b3ae
|i 0f6631a5-867b-3cc1-ad67-d934c7469712
|t 0
|
| 952 |
f |
f |
|p ric
|a Texas A&M University
|b Rellis Campus
|c Joint Library Facility
|d Remote Storage
|t 0
|e QH324 .V28 1949
|h Library of Congress classification
|i unmediated -- volume
|m A14800974060
|
| 998 |
f |
f |
|a QH324 .V28 1949
|t 0
|l Remote Storage
|